000 00720nam a22002417a 4500
003 UA-OsUOA
001 109624
007 ta
008 20150123b un ||||| |||| 00| 0 ukr d
090 _a330(075.8)
_bЕ45
942 _cBK
040 _aUA-OsUOA
_bukr
_cUA-OsUOA
_dUA-OsUOA
245 _aЕкономічна теорія: Політекономія
_bпідручник
_cза ред. В. Д. Базилевича
300 _a702 с.
955 _a2
041 _aukr
080 _a330(075.8)
020 _a978-966-346-878-5
260 _aК.
_bЗнання
_c2012
250 _n8-ме вид., переробл. і доповн.
650 7 _a330 Економіка взагалі
_2UDC
999 _c395666
_d395666